Światowe Rekordy - Statystyki

Ogólne statystyki
  • Ten quiz został rozwiązany 2 313 razy
    1 210 od ostatniego zresetowania
  • Średni wynik to 9 z 20
Statystyki odpowiedzi
Pytanie Odpowiedź % Poprawnych
Najwyższa góra na świecie Mount Everest
97%
Sportowiec, który ma najwięcej obserwujących na Twitterze (podpowiedź: jest Portugalczykiem) Cristiano Ronaldo
85%
Raper, którego utwór "Rap God" jest rekordzistą pod względem ilości słów w jednym utworze Eminem
70%
Piosenkarz, którego rękawiczka była najdroższą kiedykolwiek sprzedaną na aukcji Michael Jackson
68%
Najwyższy budynek Burdż Chalifa
64%
Najwyższym żyjącym człowiekiem jest Sultan Kösen, który mierzy 2,51 m wzrostu. Z jakiego kraju pochodzi? Turcja
58%
Roślina o najszybszym wzroście pionowym, do 91 cm dziennie Bambus
49%
Devendra Suthar ma ich 28, więcej niż jakakolwiek żywa osoba. Co to jest? Palce
45%
Najdroższy obiekt wykonany przez człowieka (wskazówka: jest w kosmosie) Międzynarodowa Stacja Kosmiczna
44%
Najdłuższy gatunek węża Pyton siatkowy
39%
Najdroższa z tych ceremonii kosztowała 55 milionów dolarów Ślub
39%
Najwyższy wodospad Salto Angel
38%
Najwyższym niezamieszkanym budynkiem na świecie jest hotel Ryugyong znajdujący się w mieście... Pjongjang
36%
Najdłużej emitowany animowany sitcom Simpsonowie
34%
Rasa najwyższego psa w historii Dog niemiecki
31%
Dwóch bokserów, których walka przyniosła największe przychody ze sprzedaży biletów (imię lub nazwisko) Floyd Mayweather Jr. / Manny Pacquiao
22%
W północnym Michigan, studenci stworzyli ze śniegu coś co było w jakiś sposób największą w historii, o średnicy ok. 318,5 cm Śnieżka
22%
Trzymając się sąsiedniej Belgii, mieszkańcy Holandii są posiadaczami rekordu największego z tych produktów spożywczych Gofry
10%
Największe zwierzę budujące gniazda (wskazówka: można je znaleźć w Rwandzie) Goryl
10%
Najbardziej jadowity głowonóg Hapalochlaena {ośmiornica}
9%
Nie znaleziono quizów pasujących do podanych kryteriów
Rozkład punktacji
Procent ludzi z każdym wynikiem
Percentyl według liczby udzielonych odpowiedzi
Twoja historia wyników
Nie rozwiązałeś tego quizu od ostatniego zresetowania